Echelle de mots : De Mbappé à Mobutu - Statistiques

Statistiques générales
  • Ce quiz a été pris 383 fois
  • Le résultat moyen est 8 sur 21
Statistiques - réponses
Hint Réponse % Correct
joueuse française Mbappe
97%
map monde (-1) Mappe
78%
à fromage Rappe
74%
Dictateur (+1 et changer une lettre) Mobutu
69%
P.Diddy (-1) Rape
67%
Francois Pape
49%
à fumer ou déguster Pipe
43%
Moins bien Pire
40%
On les compte le soir Mouton
39%
Tout mou en verlan Moutou
39%
Ta daronne Pute
31%
Tu te les exploses à 15 ans(+2) Bouton
30%
Pas Grealish en 2024 (-1) But
29%
Comme la poudre de Walter White Pure
28%
Tue Bute
25%
La fin (+1) Bout
23%
Beaucoup de truc (-2) Tout
13%
David Alvarez Messas (chien) Toutou
11%
Un sens Gout
10%
Visionnaire français du 21eme Poutou
10%
Comme une pipe (+1) Goutu
7%
Aucun quiz correspondant
Distribution des résultats
% des personnes avec chaque résultat
Percentile par nombre de réponses
Votre historique - résultats
Vous n’avez pas pris ce quiz